01329nam a22001937a 4500003000900000008004100009040007100050082002800121245007600149260002500225300002800250440006100278505067100339650002501010650002601035650001301061700003301074700002801107AR-CdUCM190429b ||||| |||| 00| 0 spa d aMUNICIPALIDAD PROVINCIAL DEL CUSCOcBIBLIOTECA MUNICIPAL DEL CUSCO aEdu.técnica/N°2/1992 aRevista la educación técnica /cGermán I. Cabrera Reyes, Director aCusco.b[sn],c1992. a58 páginas. :c21 cm. aRevista la educación técnica.nAño II, N°2, 1992. aContenido: Egoísmo endemia en nuestro país. Miguel Sotomayor Palomino. -- Origen de la educación física. Raúl Gallegos. -- Problemas de la educación técnica. Julio Miranda Bernal. -- La robotización. Germán Cabrera Reyes. -- Adiós colegio de La Merced. -- Dialogo del condor y el venado en el peñascal del distrito de Chamaca. Cuento inédito de Chamaca Chumbivilcas. -- Colegio La Merced promoción Juan XXII 1990. -- Primera banda típica de guerra Checacupe. -- Pueblo pide devolución de la fabrica de tejidos de Lucre. Técnica del burilado de mates artísticos. -- Importancia del turismo andino. Hortensia Gavancho Ninantay. ...  aEducación superior aEducación técnica aSiglo XX aGavancho Ninantay, Hortensia aCabrera Reyes, Germán